000 00239nam a2200097Ia 4500
008 120527s9999 xx 000 0 und d
100 _aCubson,R.W.et al.
245 _aCrop Protection for resource-poor farmers
260 _bNRI
942 _cBK
999 _c21199
_d21199